Constituciones de la República Argentina / (Record no. 47647)

MARC details
000 -LEADER
campo de control de longitud fija 00946nam a2200265 i 4500
001 - NÚMERO DE CONTROL
campo de control 47647
003 - IDENTIFICADOR DE NÚMERO DE CONTROL
campo de control ES-MaACL
005 - FECHA Y HORA DE LA ÚLTIMA TRANSACCIÓN
campo de control 20250707063357.0
007 - CAMPO FIJO DE DESCRIPCIÓN FÍSICA--INFORMACIÓN GENERAL
campo de control de longitud fija t|
008 - DATOS DE LONGITUD FIJA--INFORMACIÓN GENERAL
campo de control de longitud fija 030512s1953 sp |||| | spa d
245 00 - MENCIÓN DEL TÍTULO
Título Constituciones de la República Argentina /
Mención de responsabilidad, etc. Faustino J. Legón y Samuel W. Medrano ; [prólogo, Manuel Fraga Iribarne].
260 ## - PUBLICACIÓN, DISTRIBUCIÓN, ETC.
Lugar de publicación, distribución, etc. Madrid :
Nombre del editor, distribuidor, etc. Cultura Hispánica,
Fecha de publicación, distribución, etc. 1953.
300 ## - DESCRIPCIÓN FÍSICA
Extensión LXXXIV, 527 p. ;
Dimensiones 21 cm.
490 1# - MENCIÓN DE SERIE
Mención de serie Las constituciones hispanoamericanas ;
Designación de volumen o secuencia 3
650 #4 - PUNTO DE ACCESO ADICIONAL DE MATERIA--TÉRMINO DE MATERIA
Término de materia o nombre geográfico como elemento de entrada Derecho constitucional-
Subdivisión geográfica Argentina.
9 (RLIN) 169424
650 #4 - PUNTO DE ACCESO ADICIONAL DE MATERIA--TÉRMINO DE MATERIA
Término de materia o nombre geográfico como elemento de entrada Constituciones-
Subdivisión geográfica Argentina.
9 (RLIN) 155644
655 #7 - TERMINO DE INDIZACIÓN--GENERO/FORMA
Fuente del término tgfbne
9 (RLIN) 226828
Datos o término principal de género/forma Constituciones
700 1# - ENTRADA AGREGADA--NOMBRE PERSONAL
Nombre de persona Legón, Faustino J.
9 (RLIN) 71284
700 1# - ENTRADA AGREGADA--NOMBRE PERSONAL
Nombre de persona Medrano, Samuel W.
9 (RLIN) 79774
700 1# - ENTRADA AGREGADA--NOMBRE PERSONAL
Nombre de persona Fraga Iribarne, Manuel,
Fechas asociadas al nombre 1922-2012
9 (RLIN) 193721
830 04 - PUNTO DE ACCESO ADICIONAL DE SERIE-TÍTULO UNIFORME
Título uniforme Las constituciones hispanoamericanas
Designación de volumen o secuencia 3
9 (RLIN) 182121
852 ## - LOCALIZACIÓN
Ubicación ES-MaACL
Número de control de estantería C-11780
942 ## - ELEMENTOS DE ENTRADA SECUNDARIOS (KOHA)
Fuente del sistema de clasificación o colocación Clasificación decimal universal
Holdings
Estatus retirado Estado de pérdida Estado de daño No para préstamo Biblioteca de origen Biblioteca actual Ubicación en estantería Fecha de adquisición Fuente de adquisición Total de préstamos Signatura topográfica completa Código de barras Visto por última vez Precio de reemplazo Tipo de ítem Koha
        Biblioteca del Ateneo de Madrid Biblioteca del Ateneo de Madrid Sala Palomar 17/01/2008     C-11780 1050131 23/02/2023 23/02/2023 Libro impreso